|
|
|
|
| LEADER |
01207nam a2200325 a 4500 |
| 001 |
707604 |
| 008 |
090726s1998 nyu b 000 1 eng d |
| 010 |
|
|
|a 97009678
|
| 020 |
|
|
|a 0141183357
|
| 040 |
|
|
|a DLC
|c DLC
|d DLC
|
| 082 |
0 |
0 |
|a 823/.912
|2 21
|
| 100 |
1 |
|
|a Forster, E. M.
|q (Edward Morgan),
|d 1879-1970.
|
| 245 |
1 |
0 |
|a Howards End /
|c E.M. Forster ; edited by Oliver Stallybrass.
|
| 260 |
|
|
|a New York :
|b W.W. Norton,
|c c1998.
|
| 300 |
|
|
|a [vi], 351 p. ;
|c 19 cm.
|
| 490 |
0 |
|
|a Penguin Classics.
|
| 504 |
|
|
|a Includes notes
|
| 541 |
1 |
|
|e 00011766
|
| 600 |
1 |
0 |
|a Forster, E. M.
|q (Edward Morgan),
|d 1879-1970.
|t Howards End.
|
| 650 |
|
0 |
|a Inheritance and succession
|v Fiction.
|
| 650 |
|
0 |
|a Illegitimate children
|v Fiction.
|
| 650 |
|
0 |
|a Remarried people
|v Fiction.
|
| 650 |
|
0 |
|a Social classes
|v Fiction.
|
| 650 |
|
0 |
|a Country homes
|v Fiction.
|
| 650 |
|
0 |
|a Sisters
|v Fiction.
|
| 651 |
|
0 |
|a England
|v Fiction.
|
| 700 |
1 |
|
|a Stallybrass,Oliver.
|
| 852 |
4 |
|
|a Ayesha Abed Library
|j General Shelf.
|
| 999 |
|
|
|c 2950
|d 2950
|
| 952 |
|
|
|0 0
|1 0
|2 ddc
|4 0
|6 823_912000000000000_FOR
|7 0
|9 2666
|a BRACUL
|b BRACUL
|c GEN
|d 2009-08-18
|g 510.00
|l 6
|m 39
|o 823.912 FOR
|p 3010011766
|r 2025-03-24
|s 2024-11-28
|t 1
|w 2009-08-18
|y BK
|x Price USD-5.99
|